Just business : (Record no. 590446)

000 -LEADER
fixed length control field 01385cam a2200349 i 4500
001 - CONTROL NUMBER
control field 17565899
005 - DATE AND TIME OF LATEST TRANSACTION
control field 20220812111849.0
008 - FIXED-LENGTH DATA ELEMENTS--GENERAL INFORMATION
fixed length control field 121217s2013 nyu b 001 0 eng
010 ## - LIBRARY OF CONGRESS CONTROL NUMBER
LC control number 2012047820
020 ## - INTERNATIONAL STANDARD BOOK NUMBER
International Standard Book Number 9780393062885 (hardcover)
040 ## - CATALOGING SOURCE
Original cataloging agency DLC
Language of cataloging eng
Transcribing agency DLC
Description conventions rda
Modifying agency DLC
042 ## - AUTHENTICATION CODE
Authentication code pcc
050 00 - LIBRARY OF CONGRESS CALL NUMBER
Classification number HF5387
Item number .R835 2013
082 00 - DEWEY DECIMAL CLASSIFICATION NUMBER
Classification number 341.481
Author Mark RUG
100 1# - MAIN ENTRY--PERSONAL NAME
Personal name Ruggie, John Gerard,
Dates associated with a name 1944-
9 (RLIN) 94282
245 10 - TITLE STATEMENT
Title Just business :
Remainder of title multinational corporations and human rights /
Statement of responsibility, etc. John Gerard Ruggie.
250 ## - EDITION STATEMENT
Edition statement First edition.
264 #1 - PRODUCTION, PUBLICATION, DISTRIBUTION, MANUFACTURE, AND COPYRIGHT NOTICE
Place of production, publication, distribution, manufacture New York :
Name of producer, publisher, distributor, manufacturer W. W. Norton & Company,
Date of production, publication, distribution, manufacture, or copyright notice [2013]
300 ## - PHYSICAL DESCRIPTION
Extent l, 251 pages ;
Dimensions 22 cm.
336 ## - CONTENT TYPE
Content type term text
Source rdacontent
337 ## - MEDIA TYPE
Media type term unmediated
Source rdamedia
338 ## - CARRIER TYPE
Carrier type term volume
Source rdacarrier
490 0# - SERIES STATEMENT
Series statement Amnesty international global ethics series
504 ## - BIBLIOGRAPHY, ETC. NOTE
Bibliography, etc. note Includes bibliographical references (pages [203]-225) and index.
505 0# - FORMATTED CONTENTS NOTE
Formatted contents note The challenge -- No silver bullet -- Protect, respect and remedy -- Strategic paths -- Next steps.
650 #0 - SUBJECT ADDED ENTRY--TOPICAL TERM
Topical term or geographic name entry element Business ethics.
9 (RLIN) 4380
650 #0 - SUBJECT ADDED ENTRY--TOPICAL TERM
Topical term or geographic name entry element Human rights.
650 #0 - SUBJECT ADDED ENTRY--TOPICAL TERM
Topical term or geographic name entry element International business enterprises
General subdivision Moral and ethical aspects.
9 (RLIN) 94283
906 ## - LOCAL DATA ELEMENT F, LDF (RLIN)
a 7
b cbc
c orignew
d 1
e ecip
f 20
g y-gencatlg
942 ## - ADDED ENTRY ELEMENTS (KOHA)
Source of classification or shelving scheme
Koha item type Book
Holdings
Withdrawn status Lost status Source of classification or shelving scheme Damaged status Not for loan Permanent Location Current Location Date acquired Source of acquisition Full call number Barcode Date last seen Price effective from Koha item type
          NUST Law School (NLS) NUST Law School (NLS) 07/21/2022 Multiline Book Company 341.481 RUG CL-1064 06/04/2024 07/21/2022 Book
© 2023 Central Library, National University of Sciences and Technology. All Rights Reserved.